00510nam a22001697a 4500999001900000005001700019010001300036020002500049035001300074037001700087100001600104245002400120260003500144270012300179300002100302942001700323 c192222d19222220220914113539.0 aB-745518 aPharos Booksc250.00 aB-745518 bPharos Books aLang Andrew aThe Red Fairy Book/ aEast DelhibPharos Booksc2021 aPlot No. -55, Main Mother Dairy Road Pandav Nagar, East DelhibEast Delhie110092k011-403958555msales@pharosbooks.in a376p.c21cm(pbk) 2ddccENmAND